000 00517nam a2200169Ia 4500
008 090201s9999 xx 000 0 und d
010 _aKPL-48116
040 _bमराठी
041 _aमराठी
082 _a35060
_b48116
100 _aपं पाडळकर
245 _aएक होता माणूस
_cपं पाडळकर
260 _c2004
_bजीवन कला मंडळ
300 _a105
_bमोठा
600 _aएक होता माणूस
942 _cBOOK
999 _c233228
_d233228